| 000 | 00778nam a2200253 a 4500 | ||
|---|---|---|---|
| 001 | BRCA_7575 | ||
| 005 | 20190320205909.0 | ||
| 008 | 140613s1943----mx-a######---#000-0#spa-# | ||
| 041 | _aspa | ||
| 044 | _amx | ||
| 050 | 4 |
_aND257.P8 _b.B45 1943 |
|
| 100 | 1 |
_aBello, José Luis _918686 |
|
| 245 | 1 | 0 |
_aPinturas poblanas _bsiglos XVII-XIX _cJosé Luis Bello y Gustavo Ariza. |
| 260 |
_aMéxico _bTalleres Gráficos de la Nación _c1943 |
||
| 300 |
_a155 p. _bil. (algunas a color), 52 láminas _c23 cm. |
||
| 500 | _aDedicatoria del autor al señor Franz Mayer | ||
| 500 | _aS67 | ||
| 504 | _aBibliografía p. 154 | ||
| 651 | 4 |
_aPinturas _zPuebla _918687 |
|
| 651 | 4 |
_aPintores mexicanos _918688 |
|
| 700 | 1 |
_aAriza, Gustavo _ecoaut. _918689 |
|
| 902 | _aGFM | ||
| 942 |
_2lcc _cB |
||
| 999 |
_c7249 _d7249 |
||